| 000 | 01347cam a2200301 a 4500 | ||
|---|---|---|---|
| 001 | 3087592 | ||
| 005 | 20060728221033.0 | ||
| 008 | 980316s1998 nyua b 001 0 eng | ||
| 010 | _a98016707 | ||
| 020 | _a0824794648 (alk. paper) | ||
| 040 |
_aDLC _cDLC _dDLC |
||
| 050 | 0 | 0 |
_aQD281.P6 _bM632 1998 |
| 082 | 0 | 0 |
_a668.4236 _221 _bMIS |
| 100 | 1 |
_aMishra, Munmaya K. _96109 |
|
| 245 | 1 | 0 |
_aHandbook of Radical Vinyl Polymerization / _cMunmaya K. Mishra, Yusuf Yagci ; with contributions by Kyu Yong Choi ... [et al.]. |
| 260 |
_aNew York : _bMarcel Dekker, _cc1998. |
||
| 300 |
_aix, 405 p. : _bill. ; _c24 cm. |
||
| 490 | 1 |
_aPlastics engineering ; _v48 |
|
| 504 | _aIncludes bibliographical references and index. | ||
| 650 | 0 |
_aVinyl polymers. _96110 |
|
| 650 | 0 |
_aPolymerization. _96111 |
|
| 700 | 1 |
_aYagci, Yusuf, _d1952- _96112 |
|
| 830 | 0 |
_aPlastics engineering (Marcel Dekker, Inc.) ; _v48. _96113 |
|
| 856 | 4 | 2 |
_3Publisher description _uhttp://www.loc.gov/catdir/enhancements/fy0647/98016707-d.html |
| 942 |
_2ddc _cREFERENCE |
||
| 999 |
_c11815 _d11815 |
||